Códigos ó estudios fundamentales sobre derecho civil español
Saved in:
| Hovedforfatter: | |
|---|---|
| Format: | Bog |
| Sprog: | spansk |
| Udgivet: |
Madrid
Librería de Gabriel Sánchez
1878
|
| Udgivelse: | 2a. ed |
| Fag: | |
| Tags: |
Tilføj Tag
Ingen Tags, Vær først til at tagge denne postø!
|
MARC
| LEADER | 00000nam a2200000 a 4500 | ||
|---|---|---|---|
| 001 | UCR3627 | ||
| 003 | CL-VaPUC | ||
| 008 | 980128e18780000SP |||||||||||||||||spa|d | ||
| 082 | 0 | 4 | |a 346.46 |b GUT |2 21 |
| 100 | |a Gutiérrez Fernández, D. Benito |e author |9 402658 | ||
| 245 | 1 | 0 | |a Códigos ó estudios fundamentales sobre derecho civil español |
| 250 | |a 2a. ed | ||
| 300 | |a v | ||
| 942 | |c BK | ||
| 945 | |d 19980128 00:00:00 |a crobeson | ||
| 260 | |a Madrid |b Librería de Gabriel Sánchez |c 1878 | ||
| 650 | 7 | |a DERECHO |2 CL-VaPUC |9 402659 | |
| 650 | 0 | |a Derecho civil |9 255013 | |
| 650 | 0 | |a Derecho español |9 255291 | |
| 650 | 0 | |a Derecho privado |9 258243 | |
| 650 | 0 | |a Código civil |9 256135 | |
| 650 | 0 | |a Códigos |9 352314 | |
| 650 | 7 | |a LEGISLACION DE CATALUÑA |2 CL-VaPUC |9 402660 | |
| 650 | 7 | |a LEGISLACION DE ARAGON |2 CL-VaPUC |9 402661 | |
| 650 | 7 | |a LEGISLACION DE NAVARRA |2 CL-VaPUC |9 402662 | |
| 650 | 0 | |a Legislación de Vizcaya |9 402663 | |
| 650 | 0 | |a Personas |9 255751 | |
| 650 | 7 | |a MATRIMONIO |2 CL-VaPUC |9 402664 | |
| 650 | 0 | |a Patria potestad |9 369365 | |
| 650 | 0 | |a Derecho de familia |9 255603 | |
| 650 | 0 | |a Derecho sucesorio |9 255015 | |
| 650 | 7 | |a HERENCIAS |2 CL-VaPUC |9 334113 | |
| 650 | 7 | |a TESTAMENTOS |2 CL-VaPUC |9 255014 | |
| 650 | 0 | |a Tutela |9 259125 | |
| 650 | 0 | |a Bienes |9 255749 | |
| 650 | 0 | |a Posesión |9 258681 | |
| 650 | 0 | |a Pena de muerte |9 256612 | |
| 650 | 0 | |a Obligaciones |9 255578 | |
| 650 | 0 | |a Contratos |9 255153 | |
| 651 | 0 | |a España |9 254926 | |
| 583 | |a last modification |c 19980128 00:00:00 |k Rodrigo Vera | ||
| 999 | |c 266680 |d 266678 | ||
| 952 | |0 0 |1 0 |4 0 |6 346_460000000000000_GUT_1878 |7 0 |8 DER_HIS |9 298476 |a BIBDER |b BIBDER |d 2019-11-20 |h v.6 |i 1947796 |o 346.46 GUT 1878 |p 1947796 |r 2023-01-25 |w 2019-11-20 |x Ubicación 4to Piso |y BK_X |z Estos recursos deben solicitarse con anticipación |k DER | ||
| 952 | |0 0 |1 0 |4 0 |6 346_460000000000000_GUT_1878 |7 0 |8 DER_HIS |9 298477 |a BIBDER |b BIBDER |d 2019-11-20 |h v.7 |i 1947745 |o 346.46 GUT 1878 |p 1947745 |r 2023-01-25 |w 2019-11-20 |x Ubicación 4to Piso |y BK_X |z Estos recursos deben solicitarse con anticipación |k DER | ||